书目信息 |
| 题名: |
王统照代表作
|
|
| 作者: | 艾津 编 | |
| 分册: | ||
| 出版信息: | 郑州 河南文艺出版社 1998.05 |
|
| 页数: | 505页 | |
| 开本: | 32开 | |
| 丛书名: | ||
| 单 册: | ||
| 中图分类: | I211 | |
| 科图分类: | ||
| 主题词: | 文学--作品集--中国 | |
| 电子资源: | ||
| ISBN: | 7-80623-056-4 | |
| 000 | 00538nam0 2200193 45 | |
| 001 | 0009181977 | |
| 005 | 20041009152655.74 | |
| 010 | @a7-80623-056-4@dCNY 28.30 | |
| 100 | @a20000918d1998 km y0chiy0120 ea | |
| 101 | 0 | @achi |
| 102 | @aCN@b410000 | |
| 200 | 1 | @a王统照代表作@AWang Tong Zhao Dai Biao Zuo@f艾津编@FAi Jin Bian |
| 210 | @a郑州@c河南文艺出版社@d1998.05 | |
| 215 | @a505页@d32开 | |
| 606 | 0 | @a文学@x作品集@x中国 |
| 690 | @aI211@v3 | |
| 701 | 0 | @a艾津@4编 |
| 801 | @aCN@bPftUser@c20041009 | |
| 905 | @b147380-382@dI211@eY.529@f3 | |
| 王统照代表作/艾津编.-郑州:河南文艺出版社,1998.05 |
| 505页;32开 |
| ISBN 7-80623-056-4:CNY 28.30 |
| ● |
| 相关链接 |
|
|
|
正题名:王统照代表作
索取号:I211/Y.529
 
预约/预借
| 序号 | 登录号 | 条形码 | 馆藏地/架位号 | 状态 | 备注 |
| 1 | 398120 | 203981209 | 文学库108/108文学库 12排8列3层/ [索取号:I211/Y.529] | 在馆 | |
| 2 | 398121 | 203981218 | 文学库108/108文学库 12排8列3层/ [索取号:I211/Y.529] | 在馆 | |
| 3 | 398122 | 203981227 | 文学库108/108文学库 12排8列3层/ [索取号:I211/Y.529] | 在馆 |